Dulābhāi. (Record no. 64666)

MARC details
000 -LEADER
fixed length control field 00526cam a22002171 4500
001 - CONTROL NUMBER
control field sa 65006470
003 - CONTROL NUMBER IDENTIFIER
control field DLC
005 - DATE AND TIME OF LATEST TRANSACTION
control field 20260227112142.0
008 - FIXED-LENGTH DATA ELEMENTS--GENERAL INFORMATION
fixed length control field 881029s1963 xx 000 0 hino
010 ## - LIBRARY OF CONGRESS CONTROL NUMBER
LC control number sa 65006470
035 ## - SYSTEM CONTROL NUMBER
System control number (OCoLC)23580201
040 ## - CATALOGING SOURCE
Original cataloging agency DLC
Transcribing agency MiU
Modifying agency DLC
042 ## - AUTHENTICATION CODE
Authentication code premarc
050 00 - LIBRARY OF CONGRESS CALL NUMBER
Classification number PK1730.26.H3
Item number D8
100 1# - MAIN ENTRY--PERSONAL NAME
Personal name Khanam, Mohsina.
245 10 - TITLE STATEMENT
Title Dulābhāi.
260 ## - PUBLICATION, DISTRIBUTION, ETC.
Date of publication, distribution, etc. 1963]
300 ## - PHYSICAL DESCRIPTION
Extent 85 p.
Dimensions 19 cm.
500 ## - GENERAL NOTE
General note Romanized.
700 1# - ADDED ENTRY--PERSONAL NAME
Personal name Tagore, Rabindranath,
Dates associated with a name 1861-1941
Title of a work Dui bona.

No items available.

Powered by Koha